000 01535nam2a22002531 4500
001 RU\NLR\INFOCOMM21\5000121517
005 20250617073103.0
035 _a(NLR Aleph) 002553564
090 _a3041757
_c3041757
100 _a20050419d1926 |||y0rusy50 ca
101 0 _arus
102 _aRU
105 _ay ||||000|y
200 1 _aВ какой среде протекают жизненные процессы?
_fЕ. Успенский
210 _d1926
_aБ. м.
461 0 _1001RU\NLR\INFOCOMM21\5000121453
_12001#$aНа пути к материализму$eПособия для учителей и самообразования$fГос. Тимирязевск. науч.-исслед. ин-т изучения и пропаганды естеств.-науч. основ диалект. материализма$vВып.№13
_93041646
_cВологда
_d1925-1927
_fГос. Тимирязевск. науч.-исслед. ин-т изучения и пропаганды естеств.-науч. основ диалект. материализма
_nСев. печатник
_oПособия для учителей и самообразования
_tНа пути к материализму
_vВып.№13
700 1 _4070
_7ca
_8rus
_aУспенский
_bЕ. Е.
_cмикробиолог
_f1889-1938
_gЕвгений Евгениевич
_9239919
_3RU\NLR\AUTH\770239975
801 1 _aRU
_bInfoComm
_c20050419
801 0 _aRU
_bNLR
_gPSBO
852 _aNLR
_j36/430
942 _cISSUE
980 _aNB
980 _aRUSPER